|
|
|
|
| LEADER |
00000nam0a2200000 4500 |
| 001 |
154537 |
| 005 |
20231031151915.0 |
| 010 |
|
|
|a 5250020895
|
| 020 |
|
|
|a RU
|b 93-5615
|
| 035 |
|
|
|a (RuTPU)RU\TPU\book\167629
|
| 090 |
|
|
|a 154537
|
| 100 |
|
|
|a 20090302d1993 c y0rusy5003 ca
|
| 101 |
1 |
|
|a rus
|c pol
|
| 102 |
|
|
|a RU
|
| 105 |
|
|
|a a z 000ay
|
| 200 |
1 |
|
|a Фердинанд Великолепный
|e повесть-сказка
|e для младшего школьного возраста
|f Л. Е. Керн
|g пер. с польск. С. Свяцкий ; худож. М. Скобелев
|
| 210 |
|
|
|a Москва
|c Республика
|d 1993
|
| 215 |
|
|
|a 270 с.
|c ил.
|d 21 см
|
| 610 |
1 |
|
|a Сказки польские
|
| 610 |
1 |
|
|a детская литература
|
| 675 |
|
|
|a 884
|z rus
|
| 700 |
|
1 |
|a Керн
|b Л. Е.
|g Людвик Ежи
|4 070
|
| 702 |
|
1 |
|a Свяцкий
|b С.
|4 730
|
| 702 |
|
1 |
|a Скобелев
|b М.
|4 440
|
| 801 |
|
0 |
|a RU
|b RuMRKP
|c 19950413
|g psbo
|
| 801 |
|
1 |
|a RU
|b 63413507
|c 20090302
|g PSBO
|
| 801 |
|
2 |
|a RU
|b 63413507
|c 20090302
|g PSBO
|
| 942 |
|
|
|c BK
|